000 00591nam a2200205 a 4500
001 000001816
005 20240430192052.0
008 090629s2006 cu a 001 spa d
020 _a9592112932
040 _aDO-SdBNP
082 _a303.62
_bM538b
100 1 _aMéndez, José Luis,
_d1948
_95892
245 1 0 _aBajo las alas del Condor /
_cJosé Luis Méndez.
260 _aLa Habana,
_c2006.
_bCapitán San Luis.
300 _a187 p. :
_bil. ;
_c20 cm.
500 _alncluye datos biográficos
650 0 _aTerrorismo
_93230
700 1 _aCalloni, Stella
_eprólogo
_95893
049 _aBNPD
999 _c1693
_d1693